000 00687nam a2200289Ia 4500
005 20260324111800.0
008 008 260324s9999 xx 000 0 eng d
020 _a9781003400431
037 _aEBOOK
040 _aCRL
040 _beng
040 _cCRL
041 _2eng
041 _aeng
084 _qCRL
100 _aMohammed M. Ettouney
_91139998
245 0 _aClimate Change Effects on Civil Infrastructure
245 0 _bDecision-Making
260 _bTaylor and Francis
260 _c2025
365 _a
365 _b290
856 _uhttp://www.taylorfrancis.com/books/9781003400431
942 _cEBOOK
999 _c1728919
_d1728919